000 00792nam a2200229Ii 4500
003 JO-AjNU
008 230605s9999||||xx |||||||||||||| ||und||
017 _a2011/15009
020 _a978-977-04-6814-1
040 _aJO-AjNU
_bara
_erda
_cJO-AjNU
041 _aara
050 1 4 _aHF 5549 2011
100 3 _aعبدالفتاح، منال رشاد,
_eauthor
_944703
245 0 0 _aادارة الموارد البشرية:رؤية عصرية واطلالة مستقبلية
250 _aط1
264 3 1 _aالقاهرة:دار النهضة العربية للنشر والتوزيع؛2011
300 _a261ص
336 _atext
_btxt
_2rdacontent
337 _aunmediated
_bn
_2rdamedia
338 _avolume
_bnc
_2rdacarrier
650 4 _aادارة الموارد البشرية
_944704
999 _aA19322
_c22890
_d22890